Alternative sites can be a legitimate issue (Record no. 67272)

MARC details
000 -LEADER
fixed length control field 01235cam a2200241 4500
001 - CONTROL NUMBER
control field X113025
008 - FIXED-LENGTH DATA ELEMENTS--GENERAL INFORMATION
fixed length control field 000000n2001 000 0 eng u
035 ## - SYSTEM CONTROL NUMBER
System control number (Sirsi) u113025
100 ## - MAIN ENTRY--PERSONAL NAME
Personal name Catterall, S.
245 ## - TITLE STATEMENT
Title Alternative sites can be a legitimate issue
260 ## - PUBLICATION, DISTRIBUTION, ETC.
Date of publication, distribution, etc. 2001
490 ## - SERIES STATEMENT
Series statement Planning (for the Natural and Built Environment)
Volume/sequential designation (1419)18 May 2001, 22(1)
520 ## - SUMMARY, ETC.
Summary, etc. Considers "R v North Warwickshire BC ex p Jones" concerning an application to overturn the grant of planning permission for a housing development on the grounds that the local authority had completely failed to consider alternative sites. Held that it is within the local authority's discretion to decide what is a material consideration, and that it was justified in this case. Alternatives would only be relevant in exceptional cases.
650 ## - SUBJECT ADDED ENTRY--TOPICAL TERM
Topical term or geographic name entry element PLANNING PERMISSION
650 ## - SUBJECT ADDED ENTRY--TOPICAL TERM
Topical term or geographic name entry element ALTERNATIVE SITES
650 ## - SUBJECT ADDED ENTRY--TOPICAL TERM
Topical term or geographic name entry element LOCAL AUTHORITIES
650 ## - SUBJECT ADDED ENTRY--TOPICAL TERM
Topical term or geographic name entry element MATERIAL CONSIDERATION
650 ## - SUBJECT ADDED ENTRY--TOPICAL TERM
Topical term or geographic name entry element R V NORTH WARWICKSHIRE BC EX P JONES
650 ## - SUBJECT ADDED ENTRY--TOPICAL TERM
Topical term or geographic name entry element TRUST HOUSE FORTE HOTELS LTD V SOS ENVIRONMENT AND ANOTHER
650 ## - SUBJECT ADDED ENTRY--TOPICAL TERM
Topical term or geographic name entry element NOTTINGHAMSHIRE CC V SOS ENVIRONMENT
690 ## - LOCAL SUBJECT ADDED ENTRY--TOPICAL TERM (OCLC, RLIN)
Topical term or geographic name as entry element ENVIRONMENTAL AND LAND CONSULTANCY-PLANNING AND DEVELOPMENT
942 ## - ADDED ENTRY ELEMENTS (KOHA)
Suppress in OPAC 0
Holdings
Withdrawn status Lost status Source of classification or shelving scheme Damaged status Not for loan Home library Current library Shelving location Date acquired Total Checkouts Full call number Barcode Date last seen Copy number Price effective from Koha item type
    Dewey Decimal Classification     London London Journal article 11/06/2001   X113025 113025-1001 06/08/2019 1 06/08/2019 Journal article